| 000 | 00609nam a2200229Ia 4500 | ||
|---|---|---|---|
| 008 | 160418s9999 xx 000 0 und d | ||
| 020 | _a971-08-6374-6 | ||
| 050 | _aFIL PL 5531 | ||
| 050 | _b.E57 2003 c.2 | ||
| 100 | _aEnriquez, Delia C. | ||
| 245 | _aPhilippine literature : | ||
| 245 | _ba regional approach / | ||
| 245 | _cDalia C. Enriquez. | ||
| 260 | _aMandaluyong: | ||
| 260 | _bNational Books Store, | ||
| 260 | _c2003 | ||
| 300 | _a327 pages : | ||
| 300 | _billustrations ; | ||
| 300 | _c22 cm. | ||
| 500 | _aIncludes bibliographical references. | ||
| 650 | _aPhilippine literature. | ||
| 999 |
_c293570 _d293570 |
||